| 000 | 00487nam a2200121Ia 4500 | ||
|---|---|---|---|
| 008 | 220615s9999||||xx |||||||||||||| ||und|| | ||
| 100 | _aFriedli, Lynne | ||
| 245 | 0 |
_aChapter 15 The Politics of Tackling Inequalities _bThe Rise of Psychological Fundamentalism in Public Health and Welfare Reform |
|
| 546 | _aEnglish[eng] | ||
| 650 | _ahealth systems; public health; welfare reform | ||
| 856 | _uhttps://library.oapen.org/bitstream/20.500.12657/47845/1/Bookshelf_NBK385302.pdf | ||
| 942 | _cEB | ||
| 999 |
_c7821 _d7821 |
||